| 000 | 00795nam a2200205 a 4500 | ||
|---|---|---|---|
| 005 | 20210223122915.0 | ||
| 008 | 991125s1999 mx 000 0 spa u | ||
| 035 | _aUPN01000043861 | ||
| 049 | _aAV | ||
| 099 | _aPVI N 0790 | ||
| 100 | 1 | _aGowing, Lawrence | |
| 245 | 1 | 0 |
_aPaul Cézanne : _bel sentido de la vista / _cescrito por Sir Lawrence Gowing. |
| 260 |
_aMéxico : _bCanal 22 : _bCNCA, _c1999. |
||
| 300 | _a1 videocasete (VHS) (44 min.) | ||
| 440 | 0 | _aArtes visuales | |
| 520 | _aPintor francés del que se conocen más de mil óleos y doscientas acuarelas, fue el pintor más importante del siglo XIX. Este programa presenta la obra del gran pintor Cézanne | ||
| 600 | 1 | 4 |
_aCEZANNE, PAUL, _d1839-1906 _99635 |
| 650 | 4 |
_aPINTORES FRANCESES - _vBIOGRAFIA _96743 |
|
| 905 | _aAudiovisuales | ||
| 999 |
_c43861 _d43861 |
||